000
00304nam a2200109Ia 4500
008
171211s9999 xx 000 0 und d
245
_a
Igor Stravinsky (20th Century Composers)
245
_c
Michael Oliver
260
_c
1995
650
_x
music
856
_u
http://down.ebook777.com/060/9780714831589.pdf
999
_c
348681
_d
348681